| 000 | 00946nam a2200229 a 4500 | ||
|---|---|---|---|
| 001 | 50051 | ||
| 003 | BD-RjUL | ||
| 005 | 20211209075441.0 | ||
| 008 | 160823s1937 at a b 001 0 eng | ||
| 035 | _a(BD-RjUL)50171 | ||
| 040 |
_aDLC _cOrPR _dOrPR _dOCoLC _dDLC _dBD-RjUL _beng |
||
| 041 | _aeng | ||
| 082 |
_a331.1550994 _bFOT 1937 |
||
| 100 | 1 |
_aFoenander, Orwell de R. _9150014 |
|
| 245 | 1 | 0 |
_aTowards industrial peace in Australia : _ba series of essays in the history of the commonwealth Court of conciliation and arbitration : an economic-legal-historical study / _cby Orwell de R. Foenander. |
| 260 |
_aMelbourne : _bMelbourne University Press in association with Oxford University Press, _c1937. |
||
| 300 |
_axxvii, 292 p. : _bill. ; _c23 cm. |
||
| 500 | _aIncludes index. | ||
| 610 | 1 | 0 |
_aAustralia. _bCommonwealth Court of Conciliation and Arbitration. _9150025 |
| 650 | 0 |
_aArbitration, Industrial _zAustralia. _9150016 |
|
| 942 |
_2ddc _cBK |
||
| 999 |
_c50051 _d50051 |
||